000 00206nam a22000857a 4500
999 _c23927
_d23927
005 20250926081651.0
008 250926b ||||| |||| 00| 0 eng d
040 _csk
245 _aPríručka slovenského pravopisu